header

Anthropology and social change in rural areas (Record no. 103738)

MARC details
000 -LEADER
fixed length control field 01835nam a2200397 a 4500
082 04 - DEWEY DECIMAL CLASSIFICATION NUMBER
Classification number 301.44/43
245 00 - TITLE STATEMENT
Title Anthropology and social change in rural areas
260 ## - PUBLICATION, DISTRIBUTION, ETC. (IMPRINT)
Place of publication The Hague ;
-- New York :
Name of publisher Mouton Publishers,
Year of publication c1979.
300 ## - PHYSICAL DESCRIPTION
Number of Pages xviii, 564 p. :
Other physical details ill.
500 ## - GENERAL NOTE
General note Papers presented for the 9th International Congress of Anthropological and Ethnological Sciences, held in Chicago, 1973.
505 0# - FORMATTED CONTENTS NOTE
Formatted contents note pt. 1. Africa : from primitive agriculturalists to peasants -- pt. 2. Eurasia : peasant communities and modernization -- pt. 3. Latin America : peasant movements and agrarian reforms.
650 #0 - SUBJECT ADDED ENTRY--TOPICAL TERM
Topical Term Land reform
Topical Term Peasants
Topical Term Economic anthropology
Topical Term Social change
700 1# - ADDED ENTRY--PERSONAL NAME
Personal name Berdichewsky, Bernardo,
856 40 - ELECTRONIC LOCATION AND ACCESS
Uniform Resource Identifier http://site.ebrary.com/lib/rucke/Doc?id=10588344

No items available.

© 2026 Rongo University
Contact us: librarian | system librarian | Rongo university